000 01035nam a22002297a 4500
999 _c63373
_d63373
005 20240530110637.0
008 161030s2012 ua a f b 000 0 ara d
017 _a2012/1433
_bمصر. دار الكتب
020 _a9789771808930
040 _aEG-CaGPL
_cEG-CaGPL
082 0 4 _221
_a962.3016
_bق/م س
110 1 _aمركز الخدمات الببليوجرافية و الحاسب الالى .
245 1 2 _aالسد العالى فى عيده الذهبى :
_cقائمة ببليوجرافية /
_bاعداد مركز الخدمات الببليوجرافية و الحاسب الالى ؛ اشراف عايدة ابراهيم نصير .
250 _aط.1
260 _aالقاهرة :
_bمطبعة دار الكتب و الوثائق القومية بالقاهرة ،
_c2012 .
300 _a476 + 129 ص ؛
_b30 سم .
650 0 7 _aالسد العالى
_vببليوجرافية .
_2qrmak
651 _2qrmak
700 0 _aعايدة ابراهيم نصير
_eمشرف
942 _2ddc
_cBK